History Quiz

Random History or Famous Quiz

I Have A Dream! Quiz Stats

 Plays Quiz Updated Feb 5, 2019

Support Sporcle.
Go Orange.
Score 0/148 Timer 06:00
0 Plays Today
Deeply rooted in the American dream... % Correct
a
99.5%
a
99.5%
a
99.5%
a
99.5%
a
99.5%
a
99.5%
a
99.5%
I
99.5%
I
99.5%
I
99.5%
I
99.4%
I
99.4%
dream
99%
dream
99%
dream
99%
dream
99%
dream
99%
have
98.8%
have
98.8%
have
98.8%
have
98.8%
have
98.8%
that
96.3%
that
96.3%
that
96.3%
that
96.3%
that
96.3%
the
92.1%
the
92.1%
the
92.1%
the
92.1%
the
92.1%
the
92.1%
the
92.1%
the
92.1%
the
92.1%
the
92.1%
day
88.5%
day
88.5%
day
88.5%
day
88.5%
one
87.5%
one
87.5%
one
87.5%
one
87.5%
will
86.6%
will
86.6%
will
86.6%
will
86.6%
will
86.6%
Deeply rooted in the American dream... % Correct
on
86%
of
85.5%
of
85.5%
of
85.5%
of
85.5%
of
85.5%
of
85.5%
of
85.5%
of
85.5%
of
85.5%
of
85.5%
of
85.5%
be
83.3%
be
83.3%
be
83.3%
be
83.3%
to
79%
to
79%
children
74.8%
color
70.5%
an
69.7%
and
69%
and
69%
and
69%
their
68.5%
their
68.5%
in
67.8%
skin
67.4%
not
67.1%
all
66.2%
'We
66.2%
my
65.9%
by
65.5%
by
65.5%
but
63.9%
judged
59.9%
are
57.5%
live
56.4%
live
56.4%
character.
56.3%
this
56%
men
55.8%
equal.'
52.9%
nation
51.6%
nation
51.6%
content
51.3%
today.
48.8%
they
48.3%
where
48%
created
45.8%
Deeply rooted in the American dream... % Correct
up
42.8%
little
41.9%
at
39.1%
rise
39%
together
37.5%
four
34.9%
these
34.7%
hold
34%
self-
32.4%
evident;
32%
truths
31.6%
with
31.6%
with
31.6%
able
31.4%
out
30.5%
its
30.5%
slave
30%
sons
29.9%
sons
29.9%
state
29.2%
state
29.2%
Georgia
29%
freedom
28.6%
down
27.8%
hills
27.7%
creed:
27.3%
sit
26.9%
Mississippi,
26.3%
true
26.1%
slaves
25.6%
owners
25.3%
table
24.9%
red
24.9%
former
24.6%
former
24.6%
meaning
24%
brotherhood.
22.3%
justice.
21.6%
even
20.3%
heat
17.9%
heat
17.9%
sweltering
17.7%
sweltering
17.7%
injustice,
17.5%
into
16.5%
oppression,
16.3%
oasis
14.6%
transformed
13.2%

You're not logged in!

Compare scores with friends on all Sporcle quizzes.
OR
Log In
Forgot?

From the Vault

Oval Logos

by t_rev19

Sadly, there's no Ovaltine to be found anywhere.
Remove Ads.
Support Sporcle.
Get the best of Sporcle when you Go Orange. This ad-free experience offers more features, more stats, and more fun while also helping to support Sporcle. Thank you for becoming a member.

Show Comments

Extras

Top Quizzes Today


Score Distribution

Your Account Isn't Verified!

In order to create a playlist on Sporcle, you need to verify the email address you used during registration. Go to your Sporcle Settings to finish the process.

Report this User

Report this user for behavior that violates our Community Guidelines.

Details: